Normal view
MARC view
Entry Topical Term
001 - CONTROL NUMBER
- control field: 12159
003 - CONTROL NUMBER IDENTIFIER
- control field: dpl
005 - DATE AND TIME OF LATEST TRANSACTION
- control field: 20100813105813.0
008 - FIXED-LENGTH DATA ELEMENTS
- fixed length control field: 100813|||a|||||| | ||| d
040 ## - CATALOGING SOURCE
- Original cataloging agency: dpl
- Transcribing agency: dpl
150 ## - HEADING--TOPICAL TERM
- Topical term or geographic name as entry element: Indiana
670 ## - SOURCE DATA FOUND
- Source citation: Work cat.: (dpl)41476: Veena, C. P. 12158, Juvenile and probation law /, 2006
670 ## - SOURCE DATA FOUND
- Source citation: Work cat.: (dpl)41476: Veena, C. P. 12158, Juvenile and probation law /, 2006
